Top 20 Most Famous US State Capitals - Statistics

General Stats
  • This quiz has been taken 181 times
  • The average score is 13 of 20
Answer Stats
% capital % Correct
78 Austin
92%
85 Sacramento
91%
74 Albany
85%
78 Atlanta
82%
80 Boston
82%
79 Phoenix
81%
83 Denver
75%
75 Tallahassee
72%
80 Honolulu
65%
68 Baton Rouge
64%
70 Salt Lake City
64%
72 Indianapolis
63%
71 Oklahoma City
63%
63 Jackson
61%
64 Springfield
57%
71 Boise
55%
72 Juneau
54%
72 Little Rock
53%
63 Montgomery
47%
64 Dover
43%
No matching quizzes found
Score Distribution
Percent of People with Each Score
Percentile by Number Answered
Your Score History
You have not taken this quiz